| 000 | 01311cam a2200349 i 4500 | ||
|---|---|---|---|
| 999 |
_c200430344 _d48374 |
||
| 001 | 200430344 | ||
| 003 | TR-AnTOB | ||
| 005 | 20231208001022.0 | ||
| 007 | ta | ||
| 008 | 180320s2018 tu b 000 0 tur | ||
| 020 | _a9786052203019 | ||
| 040 |
_aGAZIU _beng _erda _cTR-AnTOB |
||
| 041 | 0 | _atur | |
| 050 | 0 | 0 | _aKKX920 |
| 090 |
_aKKX920 _b.E73 2018 |
||
| 100 | 1 |
_aErdil, Engin _eauthor _9108425 |
|
| 245 | 1 | 0 |
_aTicari işletme hukuku kıymetli evrak hukuku pratik çalışmaları : _btamamı çözümlü / _cEngin Erdil. |
| 250 | _aGeliştirilmiş ve güncellenmiş 3. bası. | ||
| 264 | 1 |
_aİstanbul : _bVedat Kitapçılık, _c2018. |
|
| 300 |
_axxii, 338 pages ; _c22 cm. |
||
| 336 |
_2rdacontent _atext _btxt |
||
| 337 |
_2rdamedia _aunmediated _bn |
||
| 338 |
_2rdacarrier _avolume _bnc |
||
| 490 | 0 |
_aVedat Kitapçılık ; _v545 |
|
| 504 | _aIncludes bibliographical references. | ||
| 505 | _aTicari hayatta sık kullanılan matbu evraklar--Kambiyo senedi örnekleri--Ticari işletmenin devri sözleşmesi örneği--Ticari işlerde taşıma rehni sözleşmesi örneği | ||
| 650 | 7 |
_aTicaret hukuku _zTürkiye _2etuturkob _934380 |
|
| 740 | 0 | 2 | _aTicari işletme hukuku pratikleri |
| 740 | 0 | 2 | _aKıymetli evrak hukuku pratikleri |
| 942 |
_2lcc _cBK |
||